[Event "URU-ch U20"]
[Site "Montevideo"]
[Date "2024.05.17"]
[Round "2"]
[White "Errazola, Mauricio"]
[Black "Barros, Brian"]
[Result "1-0"]
[WhiteElo "1871"]
[BlackElo "1686"]
[PlyCount "43"]
[EventDate "2024.05.17"]
[EventType "swiss"]
[EventRounds "6"]
[EventCountry "URU"]
[SourceTitle "CB21_2024"]
[SourceDate "2024.05.22"]
[SourceVersion "1"]
[SourceVersionDate "2024.05.22"]
[SourceQuality "1"]

1. Nf3 d5 2. b3 c5 3. Bb2 Nc6 4. e3 Nf6 5. Bb5 Bd7 6. 0-0 e6 7. d3 Bd6 8. Bxc6 Bxc6 9. Ne5 Qc7 10. f4 h5 11. Nd2 h4 12. Ndf3 h3 13. g3 0-0-0 14. Ng5 Be8 15. c4 Rh5 16. cxd5 exd5 17. Rc1 b6 18. b4 Bxe5 19. Bxe5 Qc6 20. bxc5 b5 21. Bxf6 Qxf6 22. Qxh5 1-0

[Event "URU-ch sf"]
[Site "Montevideo"]
[Date "2024.02.13"]
[Round "7"]
[White "Errazola, Mauricio"]
[Black "Chamlian, Aram"]
[Result "1-0"]
[WhiteElo "1702"]
[BlackElo "1727"]
[PlyCount "45"]
[EventDate "2024.02.09"]
[EventType "swiss"]
[EventRounds "7"]
[EventCountry "URU"]
[SourceTitle "CB08_2024"]
[SourceDate "2024.02.21"]
[SourceVersion "1"]
[SourceVersionDate "2024.02.21"]
[SourceQuality "1"]

1. d4 d5 2. Bf4 Nf6 3. Nc3 a6 4. e3 e6 5. Bd3 c5 6. dxc5 Bxc5 7. Nf3 h6 8. 0-0 Nbd7 9. e4 dxe4 10. Bxe4 0-0 11. Qe2 Qe7 12. Rad1 Nxe4 13. Nxe4 Nf6 14. Nxc5 Qxc5 15. Bd6 Qb6 16. Bxf8 Kxf8 17. Qe5 Bd7 18. Qd6+ Qxd6 19. Rxd6 Rc8 20. c3 Ke7 21. Rfd1 Nd5 22. Rxd7+ Kxd7 23. c4 1-0

[Event "URU-ch sf"]
[Site "Montevideo"]
[Date "2024.02.12"]
[Round "5"]
[White "Errazola, Mauricio"]
[Black "Aroztegui, Julian"]
[Result "1-0"]
[WhiteElo "1702"]
[BlackElo "1620"]
[PlyCount "89"]
[EventDate "2024.02.09"]
[EventType "swiss"]
[EventRounds "7"]
[EventCountry "URU"]
[SourceTitle "CB08_2024"]
[SourceDate "2024.02.21"]
[SourceVersion "1"]
[SourceVersionDate "2024.02.21"]
[SourceQuality "1"]

1. Nf3 Nf6 2. c4 g6 3. g3 Bg7 4. Bg2 c5 5. Nc3 0-0 6. 0-0 Nc6 7. a3 d5 8. cxd5 Nxd5 9. Qc2 Re8 10. Rd1 e5 11. e4 Nf6 12. d3 Bg4 13. Ne2 Qd6 14. h3 Be6 15. Ng5 Rac8 16. Nxe6 Qxe6 17. Qxc5 Nd4 18. Nxd4 Rxc5 19. Nxe6 Rxe6 20. Be3 Rc2 21. b4 b6 22. Rdc1 Rec6 23. Rxc2 Rxc2 24. Rc1 Rxc1+ 25. Bxc1 Nd7 26. Bb2 Nf8 27. Kf1 Ne6 28. Ke2 Kf8 29. Kd2 Ke7 30. Kc3 b5 31. Bc1 Nd4 32. Be3 Kd6 33. Bf1 Ke6 34. f4 Nc6 35. fxe5 Bxe5+ 36. d4 Bxg3 37. d5+ Ke5 38. dxc6 Kxe4 39. Bxa7 Bc7 40. Bxb5 f5 41. Bf1 g5 42. b5 f4 43. b6 Bxb6 44. Bxb6 h5 45. c7 1-0

[Event "Montevideo Duchamp Cup 6th"]
[Site "Montevideo"]
[Date "2023.02.05"]
[Round "3"]
[White "Araque, Jairo"]
[Black "Errazola, Mauricio"]
[Result "1-0"]
[WhiteElo "1961"]
[BlackElo "1622"]
[PlyCount "89"]
[EventDate "2023.02.03"]
[EventType "swiss"]
[EventRounds "9"]
[EventCountry "URU"]
[SourceTitle "CBM 212 Extra"]
[Source "ChessBase"]
[SourceDate "2023.03.31"]
[SourceVersion "1"]
[SourceVersionDate "2023.03.31"]
[SourceQuality "1"]

1. d4 Nf6 2. Bf4 b6 3. e3 Bb7 4. Nf3 g6 5. h3 Bg7 6. c4 d6 7. Nc3 Nbd7 8. Be2 0-0 9. 0-0 Re8 10. Bh2 e5 11. Qc2 a6 12. Rad1 Qe7 13. Rfe1 Rad8 14. b4 Kh8 15. c5 bxc5 16. bxc5 dxc5 17. dxe5 Ng8 18. e6 Qxe6 19. Bxc7 Rc8 20. Bg3 Nh6 21. Rd6 Qe7 22. Red1 Nb8 23. Nd5 Bxd5 24. R6xd5 Red8 25. Rxd8+ Rxd8 26. Rxd8+ Qxd8 27. Qxc5 Nf5 28. Bf4 h6 29. g4 Nd7 30. Qd5 g5 31. Bxg5 hxg5 32. Qxf5 f6 33. Bd3 Kg8 34. Qd5+ Kh8 35. Nd4 Qc7 36. Ne6 Qc1+ 37. Kg2 Qc8 38. f4 Nf8 39. Nxg7 Kxg7 40. fxg5 Ng6 41. gxf6+ Kxf6 42. Bxg6 Qc1 43. Qf7+ Ke5 44. Qe7+ Kd5 45. Be4+ 1-0

[Event "Montevideo Trebejos 50 Anniv op"]
[Site "Montevideo"]
[Date "2022.09.18"]
[Round "2"]
[White "Mott, Juan"]
[Black "Errazola, Mauricio"]
[Result "0-1"]
[WhiteElo "1170"]
[BlackElo "1588"]
[PlyCount "60"]
[EventDate "2022.09.17"]
[EventType "swiss"]
[EventRounds "9"]
[EventCountry "URU"]
[SourceTitle "EXT 2023"]
[Source "ChessBase"]
[SourceDate "2022.10.05"]
[SourceVersion "1"]
[SourceVersionDate "2022.10.05"]
[SourceQuality "1"]

1. e4 e6 2. d4 d5 3. Nc3 Bb4 4. e5 Ne7 5. Bd2 Nf5 6. Nf3 0-0 7. Bd3 h6 8. h4 Nc6 9. g4 Nfxd4 10. Ng5 Nxe5 11. Bh7+ Kh8 12. Ne2 Ndf3+ 13. Nxf3 Nxf3+ 14. Kf1 Nxd2+ 15. Kg2 Kxh7 16. c3 Bc5 17. Qxd2 Qf6 18. Raf1 e5 19. g5 Qg6 20. f4 Bf5 21. Ng3 Be4+ 22. Nxe4 Qxe4+ 23. Rf3 exf4 24. Re1 Be3 25. Qe2 Rae8 26. Qd1 Re5 27. Kh2 hxg5 28. hxg5 Rxg5 29. Rh3+ Kg6 30. Re2 Bg1+ 0-1